Largest Cities by County (South Carolina) Quiz Stats

 Plays Quiz not verified by Sporcle

Challenge
Share
Tweet
Embed
Score 0/134 Timer 15:00
0 Plays Today
County City/Town % Correct
AikenAiken
96.3%
CharlestonCharleston
95.1%
AbbevilleAbbeville
93.9%
AndersonAnderson
92.7%
GreenvilleGreenville
92.7%
AllendaleAllendale
90.2%
FlorenceFlorence
90.2%
GreenwoodGreenwood
90.2%
HorryMyrtle Beach
90.2%
OrangeburgOrangeburg
90.2%
ChesterChester
89%
DillonDillon
89%
GeorgetownGeorgetown
89%
NewberryNewberry
89%
UnionUnion
89%
BambergBamberg
87.8%
DarlingtonDarlington
87.8%
LaurensLaurens
87.8%
MarionMarion
87.8%
SaludaSaluda
87.8%
SpartanburgSpartanburg
87.8%
BarnwellBarnwell
86.6%
BeaufortBeaufort
86.6%
CharlestonNorth Charleston
86.6%
DorchesterNorth Charleston
86.6%
HamptonHampton
86.6%
LancasterLancaster
86.6%
RichlandColumbia
86.6%
SumterSumter
86.6%
CherokeeGaffney
84.1%
EdgefieldEdgefield
84.1%
LexingtonLexington
84.1%
HorryNorth Myrtle Beach
82.9%
McCormickMcCormick
81.7%
ChesterfieldChesterfield
78%
OconeeSeneca
68.3%
PickensClemson
68.3%
YorkRock Hill
65.9%
LancasterKershaw
63.4%
AikenNorth Augusta
62.2%
BeaufortHilton Head Island
62.2%
HorryConway
61%
PickensEasley
59.8%
GreenvilleMauldin
54.9%
ColletonWalterboro
53.7%
County City/Town % Correct
KershawCamden
52.4%
SaludaBatesburg-Leesville
52.4%
MarlboroBennettsville
51.2%
FairfieldWinnsboro
50%
BeaufortBluffton
47.6%
CharlestonMount Pleasant
46.3%
DorchesterSummerville
46.3%
BerkeleyMoncks Corner
43.9%
ClarendonManning
43.9%
OconeeWalhalla
43.9%
ChesterfieldCheraw
42.7%
GreenvilleGreer
41.5%
SpartanburgGreer
41.5%
BerkeleyGoose Creek
37.8%
DarlingtonHartsville
37.8%
JasperHardeeville
37.8%
LaurensClinton
37.8%
LexingtonCayce
37.8%
LexingtonWest Columbia
34.1%
YorkFort Mill
34.1%
MarionMullins
32.9%
OconeeWestminster
32.9%
LeeBishopville
31.7%
RichlandIrmo
31.7%
JasperRidgeland
30.5%
WilliamsburgKingstree
30.5%
AbbevilleDue West
29.3%
CalhounSt. Matthews
28%
KershawElgin
28%
AndersonBelton
26.8%
BerkeleyHanahan
26.8%
FlorenceLake City
26.8%
RichlandForest Acres
26.8%
AbbevilleCalhoun Falls
25.6%
AndersonWilliamston
25.6%
CherokeeChesnee
25.6%
ColletonEdisto Beach
25.6%
LaurensFountain Inn
25.6%
SpartanburgWoodruff
25.6%
YorkTega Cay
25.6%
BarnwellBlackville
23.2%
PickensCentral
23.2%
FairfieldBlythewood
22%
GeorgetownPawleys Island
22%
BarnwellWilliston
20.7%
County City/Town % Correct
CherokeeBlacksburg
20.7%
ChesterfieldPageland
20.7%
HamptonVarnville
20.7%
GreenwoodNinety Six
19.5%
BambergDenmark
18.3%
DorchesterSt. George
18.3%
AikenBurnettown
15.9%
AllendaleFairfax
15.9%
UnionJonesville
15.9%
ColletonCottageville
14.6%
GeorgetownAndrews
13.4%
HamptonEstill
13.4%
NewberryProsperity
13.4%
ClarendonSummerton
12.2%
DillonLatta
12.2%
EdgefieldJohnston
12.2%
FlorenceTimmonsville
12.2%
GreenwoodWare Shoals
12.2%
ClarendonTurbeville
11%
NewberryWhitmire
11%
ChesterGreat Falls
9.8%
DillonLake View
8.5%
EdgefieldTrenton
8.5%
FairfieldRidgeway
8.5%
UnionLockhart
8.5%
DarlingtonLamar
7.3%
LancasterHeath Springs
7.3%
LeeLynchburg
7.3%
MarlboroMcColl
7.3%
MarlboroClio
7.3%
OrangeburgHolly Hill
7.3%
SumterPinewood
7.3%
WilliamsburgHemingway
7.3%
AllendaleSycamore
6.1%
KershawBethune
6.1%
SaludaRidge Spring
6.1%
CalhounCameron
4.9%
ChesterFort Lawn
4.9%
McCormickPlum Branch
4.9%
MarionNichols
4.9%
OrangeburgBranchville
4.9%
WilliamsburgLane
4.9%
McCormickParksville
3.7%
SumterMayesville
2.4%

You're not logged in!

Compare scores with friends on all Sporcle quizzes.
Join for Free
OR
Log In

You Might Also Like...

Show Comments

Extras

Top Quizzes Today


Score Distribution

Your Account Isn't Verified!

In order to create a playlist on Sporcle, you need to verify the email address you used during registration. Go to your Sporcle Settings to finish the process.

Report this User

Report this user for behavior that violates our Community Guidelines.

Details: